1874 1864 1665 1107 1936 1429 1280 1324 1387 1572 1915 1508 1286 1826 1359 1591 1864 1770 1834 1701 1461 1367 1924 1841 1465 1114 1959 1611 1269 1964 1032 1861 1009 1425 1506 1612 1255 1708 1672 1489 1962 1517 1225 1165 1564 1123 1685 1492 1614 1537 1042 1087 1128 1476 1345 1938 1568 1228 1582 1288 1523 1742 1396 1903 1150 1130 1589 1490 1014 1518 1931 1667 1910 1292 1288 1636 1993 1018 1611 1399 1361 1954 1749 1667 1409 1122 1640 1839 1683 1040 1712 1782 1053 1093 1722 1425 1022 1032 1822 BCNSPRNW ULIB Ver.6.0+V

เปลี่ยนเป็นภาษาไทย

Change to English
 แสดงรายละเอียดบรรณานุกรม
  กลับหน้าหลัก

Brief Record : Get Marc (ISO 2709) : E-mail record : QR code < ปิดหน้าต่าง
LEADER : 00000nam 2200000uu 4500
001    13399122717
003     ULIB
008    020711s2555 th a 000 0 tha d
020    9789742473792
050  4 DS520^bป533ร
100    ปัทมาพร คำโท
245    เราคืออาเซียน--ลาว/^cปัทมาพร คำโท
250    พิมพ์ครั้งที่ 4
260    กรุงเทพฯ :^bอมรินทร์คอมมิกส์,^c2555
300    55 หน้า
440  0 ชุด เราคืออาเซียน
650  7 ประชาคมอาเซียน
650  7 อาเซียน
650  7 ลาว
945    ^p75^l0^i20156
999    ^aทศพร เกษรทอง
รายการนี้ยังไม่มีแท็ก
คุณยังไม่ได้ล็อกอิน คุณสามารถมีกิจกรรมร่วมกับเว็บไซต์ได้ แต่ต้องล็อกอินก่อน ::
  ล็อกอิน

รายการสื่อสารสนเทศ

ลำดับที่ ประเภท เลขเรียก/บาร์โค้ด สถานที่ สถานะ
1. การศึกษาทั่วไป
การศึกษาทั่วไป
DS520 ป533ร ฉ.1 
  Barcode: 20156
ห้องสมุดวิทยาเขตนครสวรรค์
►หนังสือทั่วไป:l:General Books
บนชั้น

รายการใกล้เคียง
    ผู้แต่ง [ปัทมาพร คำโท]

    หัวเรื่อง [ประชาคมอาเซียน]
    หัวเรื่อง [อาเซียน]
    หัวเรื่อง [ลาว]

BibComment


ยังไม่เคยถูกคอมเมนท์

คอมเมนท์ทรัพยากรรายการนี้
  คอมเมนท์: เราคืออาเซียนลาว ..


 Copyright 2026. Bcnsprnw @Library